00306 a2200133 450000100060000002000150000604000240002110000260004524000310007124500260010230000070012836200060013565000310014144644 a8599007270 cAnchieta - Aquarius aGouveia, Luis Augusto10aCâncer, como assim?lpor10aCâncer, como assim? a240 a0 4aLiteratura infanto-juvenil